Carreras, incentivos y estructuras salariales docentes /
| Автор: | |
|---|---|
| Формат: | Книга |
| Мова: | Іспанська |
| Опубліковано: |
Buenos Aires, Argentina. :
PREAL,
2002
|
| Серія: | Documentos,
23 |
| Предмети: |
MARC
| LEADER | 00000nam a2200000Ia 4500 | ||
|---|---|---|---|
| 008 | 180706b2002 a ||||| |||| 00| | spa d | ||
| 999 | |c 2023 |d 2023 | ||
| 090 | |a 06.06.02 |b 377 | ||
| 100 | |a Morduchowicz, Alejandro |9 3952 | ||
| 245 | 1 | 0 | |a Carreras, incentivos y estructuras salariales docentes / |c Alejandro Morduchowicz |
| 260 | |a Buenos Aires, Argentina. : |b PREAL, |c 2002 | ||
| 300 | |a 35 páginas | ||
| 490 | |a Documentos, |v 23 | ||
| 650 | 1 | 4 | |a SITUACIÓN DE LOS DOCENTES |9 1928 |
| 650 | 1 | 4 | |a SALARIOS |9 2846 |
| 942 | |i 00606 ,00575 |h 06.06.02 377 |2 z |c 01 | ||
